000 00616nam a2200229 i 4500
001 C2-0243910
003 PPAK
005 20180727205420.0
008 021114s1971 my |||| ||||| | may d
040 _aPPAK
_beng
_cPPAK
_erda
082 0 4 _a899.231
_223
090 0 0 _a899.231
_bSUH
_dKSA
100 0 _aSuhaimi Haji Muhammad,
_eauthor
245 1 0 _aBumi Hijau :
_bantoloji sajak
264 1 _aPerak :
_bToko Buku M. Haliza ,
_c1971
300 _a50 pages ;
_c18 cm
336 _2rdacontent
_atext
337 _2rdamedia
_aunmediated
338 _2rdacarrier
_avolume
650 1 0 _aMalay poetry
942 _ddc
_cB
999 _c58322
_d58322